000
00299nam a22000977a 4500
008
150617b xxu||||| |||| 00| 0 eng d
010
_8
HCCRSF:003
245
_a
HIGH COURT CRIMINAL SESSION NO.245 OF 1969 Uganda Vs Egure Anyika
260
_a
High Court Kampala
500
_3
BEFORE: Hon. Mr. Justice Salanha
999
_c
6346
_d
6346